Využívanie biomasy pre produkciu bioplynu

Enregistré dans:
Détails bibliographiques
Auteur principal: Rajtarová, Veronika (Auteur)
Autres auteurs: Blinová, Lenka (Directeur de thèse)
Format: Manuscrit Livre
Langue:slovaque
Publié: 2017
Sujets:
Accès en ligne:http://is.stuba.sk/zp/portal_zp.pl?podrobnosti=131983
Tags: Ajouter un tag
Pas de tags, Soyez le premier à ajouter un tag!

MARC

LEADER 00000ntm a22000003a 4500
001 stuzp64001
003 SK-STU
005 20170624212959.4
007 ta
008 150427s2015----xo-----f-mn---000-0-slo-d
040 |a STU  |b slo 
041 0 |a slo 
100 1 |a Rajtarová, Veronika  |u 065000  |4 aut  |U MTF Materiálovotechnologická fakulta  |T MTF Ústav integrovanej bezpečnosti  |X 73354  |U M5000  |Y 85  |7 73354 
242 0 1 |a Biomass Utilization for Biogas  |y eng 
245 1 0 |a Využívanie biomasy pre produkciu bioplynu 
260 |c 2017 
650 4 |a biomasa  |2 slo 
650 4 |a bioplyn  |2 slo 
650 4 |a bioplynová stanica  |2 slo 
650 4 |a biomass  |2 eng 
650 4 |a biogas station  |2 eng 
650 4 |a biogas  |2 eng 
700 1 |a Blinová, Lenka  |u 065100  |k Z1  |4 ths  |U MTF Ústav integrovanej bezpečnosti  |T MTF Katedra environmentálneho inžinierstva  |X 34036  |U M5100  |Y 194  |7 A000034036 
856 4 |u http://is.stuba.sk/zp/portal_zp.pl?podrobnosti=131983 
996 |c M* BP-8074  |l MMSKP  |s P  |a 0  |w stuzp64001_0001